[Event "SVK-ch U18/20"]
[Site "Tatralandia"]
[Date "2024.04.10"]
[Round "7"]
[White "Bochnicka, Vladimir1"]
[Black "Paluska, Karol"]
[Result "1-0"]
[WhiteElo "2421"]
[BlackElo "2015"]
[PlyCount "65"]
[EventDate "2024.04.05"]
[EventType "swiss"]
[EventRounds "9"]
[EventCountry "SVK"]
[SourceTitle "CB16_2024"]
[SourceDate "2024.04.17"]
[SourceVersion "1"]
[SourceVersionDate "2024.04.17"]
[SourceQuality "1"]

1. e4 g6 2. d4 Bg7 3. Nf3 d6 4. Bc4 Nf6 5. Qe2 c6 6. Bb3 0-0 7. 0-0 Qc7 8. h3 a5 9. a4 e5 10. c3 Na6 11. Rd1 Qe7 12. dxe5 dxe5 13. Na3 Nc5 14. Bc2 b6 15. Nd2 Ba6 16. Ndc4 Rfd8 17. Be3 Bf8 18. Qf3 Qe6 19. Nxe5 Nfxe4 20. Bxe4 Qxe5 21. Bxc6 Rxd1+ 22. Rxd1 Rc8 23. Bd5 Ne6 24. Nc2 Bd6 25. g3 Bc5 26. Nd4 Rf8 27. Nc6 Qc7 28. Bxc5 Nxc5 29. Qf6 Re8 30. Nd8 Re7 31. Nxf7 Rxf7 32. Bxf7+ Qxf7 33. Rd8+ 1-0

[Event "Barbera del Valles op 45th"]
[Site "Barbera del Valles"]
[Date "2023.07.08"]
[Round "5"]
[White "Perez Bolanos, David"]
[Black "Paluska, Karol"]
[Result "1/2-1/2"]
[WhiteElo "2071"]
[BlackElo "1942"]
[PlyCount "112"]
[EventDate "2023.07.04"]
[EventType "swiss"]
[EventRounds "9"]
[EventCountry "ESP"]
[SourceTitle "EXT 2024"]
[Source "ChessBase"]
[SourceDate "2023.10.10"]
[SourceVersion "1"]
[SourceVersionDate "2023.10.10"]
[SourceQuality "1"]

1. d4 d5 2. c4 e6 3. Nc3 Nf6 4. cxd5 exd5 5. Bg5 c6 6. e3 Be7 7. Bd3 0-0 8. Nge2 Nbd7 9. 0-0 Re8 10. Qc2 Ne4 11. Bf4 Nxc3 12. Bxh7+ Kh8 13. Nxc3 Nf8 14. Bd3 Bd6 15. Ne2 Re6 16. Bf5 Rf6 17. Bxc8 Qxc8 18. Bxd6 Rxd6 19. Ng3 Rf6 20. Rfe1 Qg4 21. Qe2 Qh4 22. Qh5+ Qxh5 23. Nxh5 Rh6 24. Nf4 g5 25. Nd3 Ne6 26. f3 Kg7 27. g3 Rah8 28. Re2 f5 29. Rf1 Kf6 30. Ne5 R6h7 31. f4 g4 32. b4 a6 33. Rc1 Nc7 34. a4 Rd8 35. Rb2 Rd6 36. Rcc2 Re6 37. Kf1 Rd6 38. Nd3 Re7 39. Kf2 Rh7 40. Kf1 Re7 41. Kf2 Rh7 42. Kg2 Re7 43. Ne5 Rh7 44. Rb1 Rd8 45. Rb3 Rd6 46. Nd3 Re7 47. Nc5 Ne6 48. Nxe6 Rdxe6 49. Rcc3 Re4 50. h4 gxh3+ 51. Kxh3 Rh7+ 52. Kg2 Re8 53. b5 Reh8 54. bxc6 Rh1 55. g4 R8h2+ 56. Kg3 Rh3+ 1/2-1/2

[Event "EU-ch Blitz"]
[Site "Katowice"]
[Date "2022.12.16"]
[Round "2"]
[White "Paluska, Karol"]
[Black "Navara, David"]
[Result "0-1"]
[WhiteElo "1933"]
[BlackElo "2684"]
[PlyCount "80"]
[EventDate "2022.12.16"]
[EventType "swiss (blitz)"]
[EventRounds "22"]
[EventCountry "POL"]
[SourceTitle "CBM 211 Extra"]
[Source "ChessBase"]
[SourceDate "2023.01.31"]
[SourceVersion "1"]
[SourceVersionDate "2023.01.31"]
[SourceQuality "1"]

1. d4 Nf6 2. Nc3 d5 3. Bf4 c5 4. e3 cxd4 5. exd4 a6 6. Nf3 Nc6 7. Be2 Bg4 8. Ne5 Bxe2 9. Nxe2 e6 10. c3 Be7 11. 0-0 0-0 12. Qd3 Nxe5 13. Bxe5 Nd7 14. Bg3 b5 15. a3 Nb6 16. f4 Nc4 17. Rab1 f5 18. Be1 Nd6 19. Rf3 Ne4 20. Rh3 Rb8 21. Qf3 g6 22. g4 a5 23. Ng3 b4 24. gxf5 exf5 25. Bf2 bxa3 26. Nxe4 fxe4 27. Qe2 Qd7 28. Rg3 Bd6 29. Be3 Bxf4 30. Bxf4 Rxf4 31. Kh1 Qf7 32. b3 Rf2 33. Qg4 a2 34. Rbg1 Rf1 35. Rxf1 Qxf1+ 36. Rg1 Qxg1+ 37. Qxg1 Rxb3 38. Qg4 a1Q+ 39. Kg2 Rb2+ 40. Kh3 Qf1+ 0-1

[Event "SVK-ch U16"]
[Site "Stara Lubovna"]
[Date "2022.05.27"]
[Round "8"]
[White "Compel, Daniel"]
[Black "Paluska, Karol"]
[Result "1/2-1/2"]
[WhiteElo "2106"]
[BlackElo "2006"]
[PlyCount "44"]
[EventDate "2022.05.21"]
[EventType "swiss"]
[EventRounds "9"]
[EventCountry "SVK"]
[SourceTitle "CBM 208 Extra"]
[Source "ChessBase"]
[SourceDate "2022.07.31"]
[SourceVersion "1"]
[SourceVersionDate "2022.07.31"]
[SourceQuality "1"]

1. e4 c6 2. d4 d5 3. exd5 cxd5 4. c4 Nf6 5. Nc3 e6 6. Nf3 Bb4 7. Bd3 dxc4 8. Bxc4 0-0 9. 0-0 b6 10. Bg5 Bb7 11. Ne5 Bxc3 12. bxc3 Nbd7 13. Nxd7 Qxd7 14. Bxf6 gxf6 15. d5 Bxd5 16. Qg4+ Kh8 17. Qh4 Bxc4 18. Qxf6+ Kg8 19. Qg5+ Kh8 20. Qf6+ Kg8 21. Qg5+ Kh8 22. Qf6+ Kg8 1/2-1/2

[Event "SVK-ch U16"]
[Site "Stara Lubovna"]
[Date "2022.05.21"]
[Round "1"]
[White "Paluska, Karol"]
[Black "Horvath, Marek1111"]
[Result "1/2-1/2"]
[WhiteElo "2006"]
[BlackElo "1589"]
[PlyCount "105"]
[EventDate "2022.05.21"]
[EventType "swiss"]
[EventRounds "9"]
[EventCountry "SVK"]
[SourceTitle "CBM 208 Extra"]
[Source "ChessBase"]
[SourceDate "2022.07.31"]
[SourceVersion "1"]
[SourceVersionDate "2022.07.31"]
[SourceQuality "1"]

1. Nf3 d5 2. d4 Nf6 3. c4 c6 4. cxd5 cxd5 5. Nc3 Nc6 6. Bf4 Bf5 7. e3 e6 8. Bb5 a6 9. Bxc6+ bxc6 10. Ne5 c5 11. Bg5 Qa5 12. Nc6 Qc7 13. Qa4 Qd7 14. dxc5 Bxc5 15. 0-0 0-0 16. Ne5 Qxa4 17. Nxa4 Be7 18. Nc6 Bd8 19. Bxf6 gxf6 20. Nxd8 Rfxd8 21. Nc5 Rdc8 22. Rac1 a5 23. Rfd1 Rab8 24. b3 Rb5 25. Na4 Rbb8 26. h3 h5 27. Kf1 Kf8 28. Ke2 Ke7 29. Kd2 Kd6 30. Rc3 Rxc3 31. Nxc3 Rc8 32. h4 Kc5 33. Rc1 Kb4 34. g3 Rc5 35. f3 e5 36. e4 dxe4 37. fxe4 Be6 38. Rc2 f5 39. exf5 Bxf5 40. Rc1 e4 41. Ne2 Rxc1 42. Nxc1 Bg4 43. Ke3 f5 44. Kd4 Ka3 45. Kc3 e3 46. Kc2 e2 47. Kd2 Kb2 48. Nd3+ Kxa2 49. b4 axb4 50. Nxb4+ Kb3 51. Nd3 Ka4 52. Nf4 Kb4 53. Nxe2 1/2-1/2

[Event "HUN-chT Region CSB"]
[Site "Hungary"]
[Date "2021.11.06"]
[Round "1.1"]
[White "Paluska, Karol"]
[Black "Gyovai, Balint"]
[Result "1-0"]
[WhiteElo "1915"]
[BlackElo "1179"]
[PlyCount "83"]
[EventDate "2021.11.06"]
[EventType "team-swiss"]
[EventRounds "10"]
[EventCountry "HUN"]
[SourceTitle "EXT 2023"]
[Source "ChessBase"]
[SourceDate "2022.10.05"]
[SourceVersion "1"]
[SourceVersionDate "2022.10.05"]
[SourceQuality "1"]
[WhiteTeam "Feher Lo Semmovar"]
[BlackTeam "Asvanyraro Szigetkoezi II"]
[WhiteTeamCountry "HUN"]
[BlackTeamCountry "HUN"]

1. d4 d5 2. c4 e6 3. Nc3 Nf6 4. Bg5 h6 5. Bh4 Be7 6. e3 b6 7. Nf3 Nbd7 8. cxd5 Nxd5 9. Bxe7 Qxe7 10. Bb5 0-0 11. Bc6 Nxc3 12. bxc3 Rb8 13. 0-0 Bb7 14. Qa4 Bxc6 15. Qxc6 Rfc8 16. Qe4 c5 17. Rfd1 Nf6 18. Qd3 Rd8 19. Ne5 Rbc8 20. Rac1 Nd7 21. Nf3 f6 22. Qe4 f5 23. Qb1 cxd4 24. cxd4 g6 25. Qb3 Kh7 26. Qa4 a5 27. Qb3 Qd6 28. h3 Re8 29. Rb1 Qd5 30. Qb2 Rc6 31. Ne5 Nxe5 32. dxe5 Qc5 33. Rbc1 Qb4 34. Qxb4 Rxc1 35. Qd6 Rxd1+ 36. Qxd1 b5 37. Qd7+ Kg8 38. Qxe8+ Kh7 39. Qxe6 Kg7 40. Qf6+ Kh7 41. Qe7+ Kh8 42. e6 1-0

[Event "Skalica op"]
[Site "Skalica"]
[Date "2021.08.26"]
[Round "6"]
[White "Paluska, Karol"]
[Black "Koloditsova, Renata"]
[Result "1-0"]
[WhiteElo "1894"]
[BlackElo "1937"]
[PlyCount "129"]
[EventDate "2021.08.21"]
[EventType "swiss"]
[EventRounds "9"]
[EventCountry "SVK"]
[SourceTitle "CBM 204 Extra"]
[Source "ChessBase"]
[SourceDate "2021.11.30"]
[SourceVersion "1"]
[SourceVersionDate "2021.11.30"]
[SourceQuality "1"]

1. d4 Nf6 2. c4 c5 3. d5 e6 4. Nc3 exd5 5. cxd5 d6 6. e4 g6 7. Be2 Bg7 8. Be3 0-0 9. Qd2 a6 10. a4 Qa5 11. Ra3 Nbd7 12. f3 Ne5 13. h3 Qb4 14. a5 Bd7 15. h4 h5 16. Nh3 b6 17. Nf2 bxa5 18. 0-0 Rfb8 19. Rfa1 a4 20. Nfd1 Ne8 21. Nxa4 Qxd2 22. Bxd2 Bb5 23. Kf2 Nc7 24. Nac3 Bxe2 25. Kxe2 Nc4 26. R3a2 Nxd2 27. Kxd2 Ra7 28. Kc2 Rab7 29. Ra5 Be5 30. R1a2 Bg3 31. Ne3 Bxh4 32. Nc4 Bg3 33. Ne2 Rb4 34. R5a4 Bh2 35. f4 Nb5 36. Rxb4 cxb4 37. Rxa6 b3+ 38. Kd3 g5 39. Nxd6 Nxd6 40. Rxd6 gxf4 41. Rc6 Kg7 42. Nd4 Bg1 43. Nf5+ Kg8 44. Rh6 Bc5 45. Rxh5 f6 46. Rh1 Kf7 47. Rc1 Bb6 48. Rc6 Ba5 49. Nd6+ Ke7 50. Nc4 Bd8 51. Ra6 Rb5 52. Ra7+ Kf8 53. Rf7+ Kg8 54. Rd7 Rb8 55. Ke2 Kf8 56. Kf3 Ke8 57. Rh7 Be7 58. Kxf4 Rb4 59. Ne3 Bd6+ 60. Kf5 Be5 61. Nd1 Rd4 62. Rh1 Rd2 63. Ke6 Kd8 64. g4 Rg2 65. d6 1-0

[Event "Skalica op"]
[Site "Skalica"]
[Date "2021.08.25"]
[Round "5"]
[White "Paluska, Karol"]
[Black "Fizer, Marek"]
[Result "0-1"]
[WhiteElo "1894"]
[BlackElo "1952"]
[PlyCount "78"]
[EventDate "2021.08.21"]
[EventType "swiss"]
[EventRounds "9"]
[EventCountry "SVK"]
[SourceTitle "CBM 204 Extra"]
[Source "ChessBase"]
[SourceDate "2021.11.30"]
[SourceVersion "1"]
[SourceVersionDate "2021.11.30"]
[SourceQuality "1"]

1. Nf3 f5 2. d4 Nf6 3. c4 d6 4. Nc3 g6 5. g3 Bg7 6. Bg2 0-0 7. e3 Nc6 8. 0-0 h6 9. a3 e5 10. b4 e4 11. Nd2 g5 12. Bb2 Qe8 13. Rc1 Qg6 14. Nd5 Rf7 15. Nxf6+ Bxf6 16. b5 Nd8 17. c5 d5 18. f4 c6 19. a4 Ne6 20. Qe2 Rh7 21. Rf2 Ng7 22. Kf1 g4 23. Ke1 h5 24. Kd1 Bd7 25. Nb3 Bd8 26. Bf1 Qe8 27. Ra1 h4 28. Kc2 hxg3 29. hxg3 Rh1 30. Bc3 cxb5 31. axb5 Rg1 32. b6 Ba4 33. bxa7 Rxg3 34. Rh2 Rxa7 35. Rb1 Rf3 36. Rh6 g3 37. Be1 Bxb3+ 38. Kxb3 Qa4+ 39. Kb2 Qa3+ 0-1

[Event "Skalica op"]
[Site "Skalica"]
[Date "2021.08.23"]
[Round "3"]
[White "Popovic, Martin"]
[Black "Paluska, Karol"]
[Result "1-0"]
[WhiteElo "1946"]
[BlackElo "1894"]
[PlyCount "57"]
[EventDate "2021.08.21"]
[EventType "swiss"]
[EventRounds "9"]
[EventCountry "SVK"]
[SourceTitle "CBM 204 Extra"]
[Source "ChessBase"]
[SourceDate "2021.11.30"]
[SourceVersion "1"]
[SourceVersionDate "2021.11.30"]
[SourceQuality "1"]

1. e4 c6 2. d4 d5 3. f3 e6 4. Nc3 Bb4 5. Bf4 Nf6 6. Qd3 dxe4 7. fxe4 Qa5 8. Nge2 Nbd7 9. 0-0-0 b6 10. a3 Be7 11. Qf3 Bb7 12. e5 Nd5 13. Bd2 Nxc3 14. Nxc3 Nxe5 15. dxe5 Qxe5 16. Bb5 0-0 17. Bxc6 Bxc6 18. Qxc6 Rac8 19. Qe4 Qxe4 20. Nxe4 Rc4 21. Rhe1 Rfc8 22. Bc3 b5 23. Rd7 R4c7 24. Red1 f5 25. Nf2 Bc5 26. Rxc7 Rxc7 27. Rd8+ Kf7 28. Nd3 Bxa3 29. Be5 1-0